000 00317nam a2200133Ia 4500
008 210312s9999||||xx |||||||||||||| ||und||
041 _aosm
050 _aPL248
050 _bA368.A6
100 _aAhmed Rasim
245 0 _aMuharrir, şair, edip
260 _c1924-1342
650 _aEdebiyat--Türk edebiyatı--Deneme
999 _c22247
_d22247